| 000 | 00735nam a2200205 i 4500 | ||
|---|---|---|---|
| 001 | 141165 | ||
| 003 | ES-MaACL | ||
| 005 | 20250913172629.0 | ||
| 007 | t| | ||
| 008 | 070919s1946 sp ||||1| fre d | ||
| 100 | 1 |
_aVitoria, Francisco de. _9115517 |
|
| 245 | 1 | 4 |
_aLes principes du droit public chez Francisco de Vitoria : _bchoix des textes / _cintroduction et notes par Antonio Truyol y Serra. |
| 260 |
_aMadrid : _bCultura Hispánica, _c1946. |
||
| 300 |
_a115 p. ; _c24 cm. |
||
| 600 | 1 | 4 |
_aVitoria, Francisco de- _xCrítica e interpretación. _9115518 |
| 650 | 7 |
_aDerecho público _2embne _911763 |
|
| 700 | 1 |
_aTruyol y Serra, Antonio, _d1913-2003 _9111597 |
|
| 852 |
_aES-MaACL _jD-8445 |
||
| 999 |
_c141165 _d141165 |
||